Rose des vents / (Record no. 168943)

MARC details
000 -LEADER
campo de control de longitud fija 00686nam a22002175i 4500
001 - NÚMERO DE CONTROL
campo de control 168943
003 - IDENTIFICADOR DE NÚMERO DE CONTROL
campo de control ES-MaACL
005 - FECHA Y HORA DE LA ÚLTIMA TRANSACCIÓN
campo de control 20230906213938.0
008 - DATOS DE LONGITUD FIJA--INFORMACIÓN GENERAL
campo de control de longitud fija 080630s1920 fr |||| | fre d
080 ## - NÚMERO DE LA CLASIFICACIÓN DECIMAL UNIVERSAL
Número de la Clasificación Decimal Universal 821.133.1-14"19"
100 1# - ENTRADA PRINCIPAL--NOMBRE DE PERSONA
Nombre de persona Soupault, Philippe.
9 (RLIN) 107567
245 10 - MENCIÓN DEL TÍTULO
Título Rose des vents /
Mención de responsabilidad, etc. Philippe Soupault ; avec quatre dessins de Marc Chagall.
260 ## - PUBLICACIÓN, DISTRIBUCIÓN, ETC.
Lugar de publicación, distribución, etc. Paris :
Nombre del editor, distribuidor, etc. Au Sans Pareil,
Fecha de publicación, distribución, etc. 1920.
300 ## - DESCRIPCIÓN FÍSICA
Extensión [48] p. :
Otras características físicas il. ;
Dimensiones 19 cm.
490 1# - MENCIÓN DE SERIE
Mención de serie Collection de littérature
700 1# - ENTRADA AGREGADA--NOMBRE PERSONAL
Nombre de persona Chagall, Marc.
9 (RLIN) 37784
830 0# - PUNTO DE ACCESO ADICIONAL DE SERIE-TÍTULO UNIFORME
Título uniforme Collection de littérature
9 (RLIN) 188833
852 ## - LOCALIZACIÓN
Ubicación ES-MaACL
Número de control de estantería 2241-F-10
itemnumber R.142956
852 ## - LOCALIZACIÓN
Ubicación ES-MaACL
Número de control de estantería 1625-F-1
Holdings
Estatus retirado Estado de pérdida Estado de daño No para préstamo Colección Biblioteca de origen Biblioteca actual Ubicación en estantería Fecha de adquisición Fuente de adquisición Total de préstamos Signatura topográfica completa Código de barras Visto por última vez Precio de reemplazo Tipo de ítem Koha
        Colección de folletos Biblioteca del Ateneo de Madrid Biblioteca del Ateneo de Madrid Depósito folletos 09/01/2014     1625-F-1 1192321 23/02/2023 23/02/2023 Folleto
        Colección de folletos Biblioteca del Ateneo de Madrid Biblioteca del Ateneo de Madrid Depósito folletos 30/06/2008     2241-F-10 1177311 23/02/2023 23/02/2023 Folleto